000 00358nam a2200145Ia 4500
008 100122s9999 xx 000 0 und d
082 _b14577
_a823
100 _aसाठे अण्णाभाऊ
245 _aआग
260 _bललित प्रकाशन
_c1967
300 _a114
630 _aआग
730 _aआग
942 _cBOOK
999 _c404992
_d404989